Principles and techniques of practical biochemistry / (Record no. 152791)

MARC details
000 -LEADER
fixed length control field 00659nam a2200217 a 4500
008 - FIXED-LENGTH DATA ELEMENTS--GENERAL INFORMATION
fixed length control field
020 ## - INTERNATIONAL STANDARD BOOK NUMBER
International Standard Book Number 052149849X (Low price ed.)
020 ## - INTERNATIONAL STANDARD BOOK NUMBER
International Standard Book Number 0521428092 (pbk.)
049 ## - LOCAL HOLDINGS (OCLC)
Holding library MAIN
090 ## - LOCALLY ASSIGNED LC-TYPE CALL NUMBER (OCLC); LOCAL CALL NUMBER (RLIN)
Classification number (OCLC) (R) ; Classification number, CALL (RLIN) (NR) QP519.7
Local cutter number (OCLC) ; Book number/undivided call number, CALL (RLIN) PRI
003 - CONTROL NUMBER IDENTIFIER
control field
005 - DATE AND TIME OF LATEST TRANSACTION
control field 20230123133700.0
040 ## - CATALOGING SOURCE
Transcribing agency NUST
245 00 - TITLE STATEMENT
Title Principles and techniques of practical biochemistry /
Statement of responsibility, etc. edited by Keith Wilson and John M. Walker.
250 ## - EDITION STATEMENT
Edition statement 4th ed.
260 ## - PUBLICATION, DISTRIBUTION, ETC.
Place of publication, distribution, etc. Cambridge :
Name of publisher, distributor, etc. Cambridge University Press,
Date of publication, distribution, etc. 1994.
700 1# - ADDED ENTRY--PERSONAL NAME
Personal name Walker, John M
740 ## - ADDED ENTRY--UNCONTROLLED RELATED/ANALYTICAL TITLE
Uncontrolled related/analytical title Practical biochemistry.
907 ## - LOCAL DATA ELEMENT G, LDG (RLIN)
a .b10116102
b 19-05-10
c 30-03-04
942 ## - ADDED ENTRY ELEMENTS (KOHA)
Koha item type Ordinary Loan Books
Call number prefix QP519.7
Call number suffix PRI

No items available.